000 00625nam a2200241Ia 4500
003 OSt
005 20220918194744.0
006 a|||||r|||| 00| 0
007 ta
008 220917b |||||||| |||| 00| 0 eng d
024 _a81,390
037 _cTextual
040 _aARTS
_cARTS
_beng
041 _2eng
_aeng
082 _aS:682z7, M3
100 _aStuddert Kennedy M
_986875
245 0 _aPsychology of language
260 _aCambridge
_bM I T Press
_c1983
300 _axiv, 258p.
_ccm.
650 _aPSYCHOLOGY
942 _hS:682z7, M3
_cTEXL
_2CC
999 _c205112
_d205112